| 000 | 00932cam a22003254a 4500 | ||
|---|---|---|---|
| 999 |
_c91717 _d91717 |
||
| 001 | 123531 | ||
| 003 | BJBSDDR | ||
| 005 | 20230410133015.0 | ||
| 008 | 091130s2009 fr b 000 0 fre | ||
| 010 | _a 2009663401 | ||
| 020 | _a9782745941916 | ||
| 035 | _a16047986 | ||
| 035 | _a(FrPJT)JTL00261884 | ||
| 040 |
_aDLC _cDLC |
||
| 050 | 1 | 4 |
_aBD 22 _bV495c 2009 |
| 082 | _2109 | ||
| 100 | 1 |
_aVergely, Bertrand, _94666 _d1953- |
|
| 245 | 1 | 0 |
_aComprendre pour aimer la philosophie / _cBertrand Vergely. |
| 246 | 1 | 0 | _aPhilosophie |
| 260 |
_aToulouse : _bEditions Milan, _cc2009. |
||
| 300 |
_a394 p. ; _c23 cm. |
||
| 500 | _aIncludes glossary. | ||
| 504 | _aIncludes bibliographical references (p. 387-394). | ||
| 650 | 0 |
_aPhilosophy _vIntroductions. |
|
| 650 | 0 |
_aPhilosophy _xHistory. |
|
| 650 | 0 |
_aFilosofĂa _91108 |
|
| 650 | 4 |
_aHistoria de la filosofĂa _94667 |
|
| 653 | _aEssay On Philosophy. | ||
| 942 |
_2lcc _cBK |
||